| 000 | 01510nam a2200265 i 4500 | ||
|---|---|---|---|
| 001 | 163650 | ||
| 003 | ES-MaACL | ||
| 005 | 20230906212801.0 | ||
| 008 | 991019s1888 fr a |||| |dspa d | ||
| 100 | 1 |
_aRobinson, William Davis. _997909 |
|
| 245 | 1 | 0 |
_aMemorias de la Revolución de Méjico y de la expedición del General D. Francisco Javier Mina _b: a que se han agregado algunas observaciones sobre la comunicación proyectada entre los dos océanos, Pacífico y Atlántico / _cescritas en inglés por William Davis Robinson y traducidas por José Joaquín de Mora. |
| 250 | _a2ª ed. | ||
| 260 |
_aParis : _bJ.I. Ferrer, _c1888 ( _eBarcelona : _fImp. de Luis Tasso Serra) |
||
| 300 |
_a397 p., [1] h. de grab., [1] h. de map. pleg. ; _c22 cm. |
||
| 510 | 4 |
_aPalau, _cT. XVII, 271096 |
|
| 530 | _aDisponible en formato digital. | ||
| 595 | _aEn port.: "La 1ª edición española impresa en Londres, decía las publica R. Ackermann... Londres 1824" | ||
| 599 | _aLa h. de grab. es un retr. del general D. Francisco Javier Mina. | ||
| 599 | _aLa h. de map. lit. "Litho y 3 Ball Alley Lombard St.": "Mapa de una parte del territorio de Nueva España..." | ||
| 600 | 1 | 4 |
_aMina, Francisco Javier ( _d1789-1817) _9151681 |
| 651 | 4 |
_aMéxico- _xHistoria- _y1810-1821, Guerra de la Independencia. _9168986 |
|
| 700 | 1 |
_aMora, José Joaquín de ( _d1783-1864) _982860 |
|
| 852 |
_aES-MaACL _jD-4853 _z- Enc. hol. |
||
| 856 |
_uhttp://www.liburuklik.euskadi.eus/handle/10771/25377 _zBiblioteca Digital Vasca |
||
| 999 |
_c163650 _d163650 |
||